00378nam a2200145Ia 4500008004100000020001500041041000800056082001500064100003600079245004500115250000600160260001900166300001200185650003500197210716s1972 xx 000 0 und d a0030813115 aeng a512.5 PALH aPaley, Hiram; Weichsel, Paul M. aElements of abstract and linear algebra. a1 aNew Yorkc1972 axii,498 aAlgebra and number theory(512)